00298nam a2200097Ia 4500008004100000082001700041100001600058245007600074260004000150300001000190210430s9999 xx 000 0 und d a668.9 S893 S aTakeo Araki aStructure and Properties of Multiphase Polymeric MaterialscTakeo Araki aNew YorkbMarcel Dekker, Inc.c1998 a461 P